<?xml version="1.0" encoding="UTF-8"?><?xml-stylesheet type="text/xsl" href="static/style.xsl"?><OAI-PMH xmlns="http://www.openarchives.org/OAI/2.0/" xmlns:xsi="http://www.w3.org/2001/XMLSchema-instance" xsi:schemaLocation="http://www.openarchives.org/OAI/2.0/ http://www.openarchives.org/OAI/2.0/OAI-PMH.xsd"><responseDate>2026-04-17T06:57:55Z</responseDate><request verb="GetRecord" identifier="oai:www.recercat.cat:10230/53948" metadataPrefix="marc">https://recercat.cat/oai/request</request><GetRecord><record><header><identifier>oai:recercat.cat:10230/53948</identifier><datestamp>2025-12-21T20:46:48Z</datestamp><setSpec>com_2072_6</setSpec><setSpec>col_2072_452954</setSpec></header><metadata><record xmlns="http://www.loc.gov/MARC21/slim" xmlns:dcterms="http://purl.org/dc/terms/" xmlns:xsi="http://www.w3.org/2001/XMLSchema-instance" xmlns:doc="http://www.lyncode.com/xoai" xsi:schemaLocation="http://www.loc.gov/MARC21/slim http://www.loc.gov/standards/marcxml/schema/MARC21slim.xsd">
   <leader>00925njm 22002777a 4500</leader>
   <datafield ind2=" " ind1=" " tag="042">
      <subfield code="a">dc</subfield>
   </datafield>
   <datafield ind2=" " ind1=" " tag="720">
      <subfield code="a">Lamarca Ferrés, Xavier</subfield>
      <subfield code="e">author</subfield>
   </datafield>
   <datafield ind2=" " ind1=" " tag="260">
      <subfield code="c">2022-08-30T11:03:47Z</subfield>
   </datafield>
   <datafield ind2=" " ind1=" " tag="260">
      <subfield code="c">2022-08-30T11:03:47Z</subfield>
   </datafield>
   <datafield ind2=" " ind1=" " tag="260">
      <subfield code="c">2022-06-12</subfield>
   </datafield>
   <datafield ind2=" " ind1=" " tag="520">
      <subfield code="a">Treball de Fi de Grau en Ciències Polítiques i de l&amp;apos;Administració. Curs 2021-2022</subfield>
   </datafield>
   <datafield ind2=" " ind1=" " tag="520">
      <subfield code="a">Tutor: Jordi Pascual i Saüc</subfield>
   </datafield>
   <datafield ind2=" " ind1=" " tag="520">
      <subfield code="a">The legitimation crisis that is facing the European Union endangers its integration project. Eurosceptic deputies have steadily increased, being the current European Parliament the most Eurosceptic in recent decades. In the same way, European public opinion makes its vote of protest felt at the polls. Considering this, Euroscepticism has become a generic term used by the academic literature that is not always useful to capture the nuances of the different types of opposition to the integration. Two complementary approaches have been used to measure integrationist attitudes at political and citizen levels. A qualitative methodology through a framing analysis of the selected electoral programs has been used to present the different forms of opposition or criticism that political parties use towards the European Union. Likewise, I use a quantitative —empirical— analysis of the European public opinion through a binary logistic regression to find those variables that can best predict the Eurosceptic sentiment in citizens. The findings obtained overcome the reductionist and simplistic distinction between “hard” and “soft” Euroscepticism, showing that Euroscepticism does not constitute a homogeneous ideology, but rather a transversal ideological phenomenon that differs in intensity and in the arguments used when criticizing or opposing the current level of integration. Furthermore, it is appreciated a correlation between the dominant discursive practices of Eurosceptic political elites and those key areas that best predict the probability of a citizen being Eurosceptic. In this sense, it would be convenient to determine in future lines of research the ascending —bottom-up—, descending — top-down— or bidirectional nature of this relationship.</subfield>
   </datafield>
   <datafield ind2=" " ind1=" " tag="520">
      <subfield code="a">La crisi de legitimitat que afronta la Unió Europea amenaça el seu projecte d&amp;apos;integració. Els nombre de diputats euroescèptics ha augmentat constantment, sent l&amp;apos;actual Parlament Europeu el més euroescèptic de les últimes dècades. De la mateixa manera, l&amp;apos;opinió pública europea ha fet sentir el seu vot de protesta a les urnes. Tenint en compte això, l&amp;apos;euroescepticisme s&amp;apos;ha convertit en un terme genèric utilitzat per la literatura acadèmica que no sempre és útil per captar els matisos dels diferents tipus d&amp;apos;oposició a la integració. S&amp;apos;han utilitzat dos enfocaments complementaris per mesurar les actituds integracionistes a nivell polític i ciutadà. D’una banda, s&amp;apos;ha utilitzat una metodologia qualitativa a través d&amp;apos;una anàlisi del framing dels programes electorals seleccionats per tal de presentar les diferents formes d&amp;apos;oposició o crítica que utilitzen els partits polítics envers la Unió Europea. Així mateix, he realitzat una anàlisi quantitativa —empírica— de l&amp;apos;opinió pública europea a través d’una regressió logística binària per trobar aquelles variables que millor poden predir el sentiment euroescèptic dels ciutadans. Les troballes obtingudes superen la distinció reduccionista i simplista entre euroescepticisme “hard” i “soft”, mostrant que l&amp;apos;euroescepticisme no constitueix una ideologia homogènia, sinó un fenomen ideològic transversal que difereix en la intensitat i en els arguments utilitzats a l&amp;apos;hora de criticar o oposar-se a l&amp;apos;actual. nivell d&amp;apos;integració. A més, s&amp;apos;aprecia una correlació entre les pràctiques discursives dominants de les elits polítiques euroescèptiques i aquelles àrees clau que prediuen millor la probabilitat que un ciutadà sigui euroescèptic. En aquest sentit, seria convenient determinar en futures línies de recerca el caràcter ascendent —bottom-up—, descendent —top-down— o bidireccional d&amp;apos;aquesta relació.</subfield>
   </datafield>
   <datafield tag="653" ind2=" " ind1=" ">
      <subfield code="a">Treball de fi de grau – Curs 2021-2022</subfield>
   </datafield>
   <datafield tag="653" ind2=" " ind1=" ">
      <subfield code="a">European Union</subfield>
   </datafield>
   <datafield tag="653" ind2=" " ind1=" ">
      <subfield code="a">Integration project</subfield>
   </datafield>
   <datafield tag="653" ind2=" " ind1=" ">
      <subfield code="a">Euroscepticism</subfield>
   </datafield>
   <datafield tag="653" ind2=" " ind1=" ">
      <subfield code="a">European public opinion</subfield>
   </datafield>
   <datafield tag="653" ind2=" " ind1=" ">
      <subfield code="a">Political parties</subfield>
   </datafield>
   <datafield tag="653" ind2=" " ind1=" ">
      <subfield code="a">European Parliament</subfield>
   </datafield>
   <datafield tag="653" ind2=" " ind1=" ">
      <subfield code="a">Framing analysis</subfield>
   </datafield>
   <datafield tag="653" ind2=" " ind1=" ">
      <subfield code="a">Unió Europea</subfield>
   </datafield>
   <datafield tag="653" ind2=" " ind1=" ">
      <subfield code="a">Projecte d&amp;apos;integració</subfield>
   </datafield>
   <datafield tag="653" ind2=" " ind1=" ">
      <subfield code="a">Euroescepticisme</subfield>
   </datafield>
   <datafield tag="653" ind2=" " ind1=" ">
      <subfield code="a">Opinió pública europea</subfield>
   </datafield>
   <datafield tag="653" ind2=" " ind1=" ">
      <subfield code="a">Partits polítics</subfield>
   </datafield>
   <datafield tag="653" ind2=" " ind1=" ">
      <subfield code="a">Parlament Europeu</subfield>
   </datafield>
   <datafield tag="653" ind2=" " ind1=" ">
      <subfield code="a">Anàlisi del framing</subfield>
   </datafield>
   <datafield ind2="0" ind1="0" tag="245">
      <subfield code="a">Opposition to European integration: analysis of euroscepticism at the electoral and citizen level from a comparative perspective</subfield>
   </datafield>
</record></metadata></record></GetRecord></OAI-PMH>